Provinces of Equatorial Guinea - Statistics

General Stats
  • This quiz has been taken 162 times
  • The average score is 5 of 8
Answers on the Map
Answers color-coded by a green-red scale on the quiz's map according to % correct below.
 
Answer Stats
Provinces % Correct
Bioko Norte
91%
Bioko Sur
91%
Annobón
86%
Litoral
74%
Centro Sur
71%
Djibloho
49%
Kié-Ntem
49%
Wele-Nzas
37%
No matching quizzes found
Score Distribution
Percent of People with Each Score
Percentile by Number Answered
Your Score History
You have not taken this quiz